La sociología en las instituciones (Registro nro. 5810)
[ vista simple ]
| 000 -LEADER | |
|---|---|
| fixed length control field | 01170 a2200217 4500 |
| 001 - CONTROL NUMBER | |
| control field | 54794 |
| 005 - DATE AND TIME OF LATEST TRANSACTION | |
| control field | 20260407155824.0 |
| 008 - FIXED-LENGTH DATA ELEMENTS--GENERAL INFORMATION | |
| fixed length control field | 260407a1967 arg spa d |
| 003 - CONTROL NUMBER IDENTIFIER | |
| control field | AR-UNSa-BCEJYS |
| 040 ## - CATALOGING SOURCE | |
| Original cataloging agency | AR-UNSa-BCEJYS |
| Language of cataloging | spa |
| Transcribing agency | AR-UNSa-BCEJYS |
| 080 ## - UNIVERSAL DECIMAL CLASSIFICATION NUMBER | |
| Universal Decimal Classification number | 316.74:65 |
| Common auxiliary subdivision | Sociología de la Organización |
| 100 1# - MAIN ENTRY--PERSONAL NAME | |
| Personal name | Lazarsfeld, Paul F. |
| 245 10 - TITLE STATEMENT | |
| Title | La sociología en las instituciones |
| 264 #1 - PRODUCTION, PUBLICATION, DISTRIBUTION, MANUFACTURE, AND COPYRIGHT NOTICE | |
| Place of production, publication, distribution, manufacture | Buenos Aires : |
| Name of producer, publisher, distributor, manufacturer | Paidós |
| Date of production, publication, distribution, manufacture, or copyright notice | 1967 |
| 300 ## - PHYSICAL DESCRIPTION | |
| Extent | 263 p. |
| Dimensions | 22 cm. |
| 505 ## - FORMATTED CONTENTS NOTE | |
| Formatted contents note | 1. Dirección de empresas,por Abraham Zaleznik,Anne Jardim - 2. La institución militar,por Raymond V. Bowers - 3. La sociología y la custodia de las leyes,por David J. Bordua,Albert J. Reiss - 4. La dirección de los establecimientos educacionales,por Neal Gross,Joshua A. Fishman - 5. El consumidor,por Charles Y. Glock,Francesco M. Nicosia - 6. La política exterior,por W. Philips Davison - 7. La administración pública: Cuatro casos tomados de Israel y Holanda,por Yehezkel Dror - 8. Los partidos políticos y las encuestas electorales,por Mark Abrams |
| 590 ## - LOCAL NOTE (RLIN) | |
| Local note | niveau_biblio:m niveau_hierar:0 |
| 700 1# - ADDED ENTRY--PERSONAL NAME | |
| Personal name | Sewell, William H. |
| 700 1# - ADDED ENTRY--PERSONAL NAME | |
| Personal name | Wilensky, Harold L. |
| 942 ## - ADDED ENTRY ELEMENTS (KOHA) | |
| Koha item type | |
| Withdrawn status | Lost status | Damaged status | Not for loan | Home library | Current library | Shelving location | Date acquired | Total checkouts | Full call number | Barcode | Date last seen | Price effective from | Koha item type |
|---|---|---|---|---|---|---|---|---|---|---|---|---|---|
| Biblioteca Prof. Eusebio Cleto del Rey | Biblioteca Prof. Eusebio Cleto del Rey | 07/04/2026 | 316.74:65 L431 | L23651 | 07/04/2026 | 07/04/2026 | Libro |